01469cam a2200361 a 450000100090000000300040000900500170001300800410003001000170007102000240008803500230011204000250013504200140016005000230017408200140019710000310021124501130024225000120035526000390036730000340040650000950044050400530053565000390058865000400062765000550066765000380072270000280076090600450078894200120083399900150084595201280086095201190098814359770OSt20170105101155.0060501s2006 caua b 001 0 eng d a 2006275416 a0970267134 : (h.c.) a(OCoLC)ocm62793088 aCHEcCHEdBAKERdDLC alccopycat00aBF722.3b.S38 200600a155.42211 aSattler, Jerome M.,d1931-10aAssessment of children :bbehavioral, social, and clinical foundations /cJerome M. Sattler, Robert D. Hoge. a5th ed. aSan Diego :bJ.M. Sattler,cc2006. axvi, 800 p. :bill. ;c29 cm. aPrevious edition entitled : Assessment of children : behavioral and clinical applications. aIncludes bibliographical references and indexes. 0aBehavioral assessment of children. 0aPersonality assessment of children. 0aChildren with disabilitiesxPsychological testing. 0aPsychological tests for children.1 aHoge, Robert D.,d1939- a7bcbcccopycatd3encipf20gy-gencatlg 2ddccBK c2550d2550 00102ddc40708NFICaCLbCLcGENd2016-01-26l1o155.4 SATpS3H-S-285q2019-02-14r2018-10-17s2018-10-17w2016-01-26yBK 00102ddc40708NFICaCLbCLcGENd2016-03-09l1m2o155.4 SATpS3H-S-283r2024-05-23s2017-10-19w2016-03-09yBK